000 00666nam a2200229 4500
008 s2002 fr fre u
020 _a2210652405
020 _a9782210652408
040 _aLB-BrCRDP
082 1 _a372.66
_bARN
100 1 _aD'Arnaudy, Anne-Caroline
245 1 0 _aThéâtre en scène - Tome 3. 10 pièces pour les 10 / 15 ans
_cAnne - Caroline d'Arnaudy
260 _aParis
_bMagnard
_c2002
300 _a238 p.
_c24 cm
500 _aSommaire.
650 4 _aPièce de théâtre
650 4 _aEcole complémentaire
650 4 _aThéâtre
650 4 _aPédagogie
942 _cBK
999 _c865
_d865